| 000 | 01127nam a22002177a 4500 | ||
|---|---|---|---|
| 999 |
_c58358 _d58358 |
||
| 003 | Ge_BSU | ||
| 005 | 20211125111306.0 | ||
| 008 | 211125s2006 ge ||||| |||| 00| 0 geo d | ||
| 020 | _a9994046748 | ||
| 041 | _ageo | ||
| 080 | _a347.991(075) ქ-88 | ||
| 100 |
_aქურდაძე, შალვა _99257 |
||
| 245 |
_aსამოქალაქო საქმეთა განხილვა ზემდგომი ინსტანციის სასამართლოებში : _b[სახელმძღვ.] / _cშალვა ქურდაძე ; [რედ.: ავთანდილ კობახიძე]. |
||
| 264 |
_aთბ. : _bმერიდიანი, _c2006. |
||
| 300 |
_a296 გვ. ; _b20 სმ. |
||
| 653 | _a სამოქალაქო საპროცესო სამართალი | ||
| 653 | _aზემდგომი ინსტანციის სასამართლოები | ||
| 653 | _aსამართალი | ||
| 700 |
_aკობახიძე, ავთანდილ _eრედაქტორი _97026 |
||
| 942 |
_2udc _cBK |
||